| 000 | 00380nam a22001577a 4500 | ||
|---|---|---|---|
| 003 | CEME | ||
| 005 | 20210628203716.0 | ||
| 008 | 210317b xxu||||| |||| 00| 0 eng d | ||
| 040 | _c. | ||
| 082 | _a954.913 BAZ'K | ||
| 100 |
_aBazaz, Prem Nath _946552 |
||
| 245 | _aKashmir in crucible | ||
| 260 |
_aRAWALPINDI _bARMY EDUCATION PRESS _c1990 |
||
| 300 | _a318P | ||
| 942 |
_cBK _2ddc |
||
| 999 |
_c574819 _d574819 |
||